• 首页
  • 本馆介绍
  • 公告通知
  • 最新文献
  • 馆藏检索
  • 电子资源
  • 读者导购
  • 参考咨询
  • 我的图书馆
  • 登录
  • 详细信息显示
  • 放入我的书架
  • 预约/预借图书
  • 作者相关作品
  • 分类相关作品
  • 丛书相关作品
  • 出版社相关作品

书目信息

  • 表格格式
  • 工作单格式
  • 卡片格式
题名:
包装设计
    
 
作者: 张蔚然 , 王芳 , 李长福 主编
分册:  
出版信息: 石家庄   河北美术出版社  2018
页数: 122页
开本: 29cm
丛书名:
单 册:
中图分类: TB482
科图分类:
主题词: 包装设计--高等学校--教材
电子资源:
ISBN: 978-7-5310-7445-8
000 00961nam0 2200265 45
001 012001003130
005 20140101093027.0
010    @a978-7-5310-7445-8@dCNY39.80
100    @a20171018d2016 em y0chiy50 ea
101 0  @achi
102    @aCN@b130000
105    @aa z 000yy
106    @ar
200 1  @a包装设计@Abao zhuang she ji@f张蔚然,王芳,李长福主编
210    @a石家庄@c河北美术出版社@d2018
215    @a122页@c彩图@d29cm
300    @a“十三五”精品课程规划教材——艺术设计类
330    @a本书从设计语言学的角度,全方位地阐释了包装设计的内涵,内容包括:包装设计概述、包装设计的语言、包装设计的文化语境、包装设计的应用语境、包装设计的应用策略、包装设计的应用媒介等。
606 0  @a包装设计@x高等学校@j教材
690    @aTB482@v5
701  0 @a张蔚然@Azhang wei ran@4主编
701  0 @a王芳@Awang fang@c(艺术教育)@4主编
701  0 @a李长福@Ali chang fu@c(设计)@4主编
801  0 @aCN@b北京卓展@c20191020
905    @b1210494-7@dTB482@e526@f4
    
    包装设计/张蔚然,王芳,李长福主编.-石家庄:河北美术出版社,2018
    122页:彩图;29cm
    “十三五”精品课程规划教材——艺术设计类
    
    ISBN 978-7-5310-7445-8:CNY39.80
    本书从设计语言学的角度,全方位地阐释了包装设计的内涵,内容包括:包装设计概述、包装设计的语言、包装设计的文化语境、包装设计的应用语境、包装设计的应用策略、包装设计的应用媒介等。
●
相关链接 在E读中查询图书 在五车中查询图书 在当当中查询图书 在豆瓣中查询图书


正题名:包装设计     索取号:TB482/526         预约/预借

序号 登录号 条形码 馆藏地/架位号 状态 备注
1 1210494   212104943   第二样本阅览室/ [索取号:TB482/526] 在馆    
2 1210495   212104952   第三借阅区/ [索取号:TB482/526] 在馆    
3 1210496   212104961   第三借阅区/ [索取号:TB482/526] 在馆    
4 1210497   212104970   第三借阅区/ [索取号:TB482/526] 在馆    
唐山师范学院图书馆 欢迎您!
大连网信软件有限公司© 版权所有